• 首页
  • 本馆介绍
  • 公告通知
  • 最新文献
  • 馆藏检索
  • 电子资源
  • 读者导购
  • 参考咨询
  • 我的图书馆
  • 登录
  • 详细信息显示
  • 放入我的书架
  • 预约/预借图书
  • 作者相关作品
  • 分类相关作品
  • 丛书相关作品
  • 出版社相关作品

书目信息

  • 表格格式
  • 工作单格式
  • 卡片格式
题名:
“草根老师的教学艺术”之飞刀老师的“太极拳”
    
 
作者: 李柳红 著
分册:  
出版信息: 广州   世界图书出版广东有限公司  2019.04
页数: 158页
开本: 21cm
丛书名:
单 册:
中图分类: G622.0
科图分类:
主题词: 小学教育--教学研究
电子资源:
ISBN: 978-7-5192-0758-8
000 01204nam0 2200253 450
001 0103152655
005 20201103152731.0
010    @a978-7-5192-0758-8@dCNY38.00
100    @a20160826d2019 em y0chiy50 ea
101 0  @achi
102    @aCN@b440000
105    @aa z 000yy
106    @ar
200 1  @a“草根老师的教学艺术”之飞刀老师的“太极拳”@A“cao gen lao shi de jiao xue yi shu ”zhi fei dao lao shi de “tai ji quan ”@f李柳红著
210    @a广州@c世界图书出版广东有限公司@d2019.04
215    @a158页@c图@d21cm
300    @a新教师入门导航手册小学班主任参考指南小学语文教师参考指南
330    @a本书是一个从教16年的小学高级教师,一个追求以“科学的教育理念、智慧的教育方式”进行班级管理和学科教学的一线教师,一个充满学习热情、热爱多彩生活、享受工作快乐的女子,对教育理念的阐述,对教育经历的纪录,对教育追求的叙说。通过一个又一个真实的故事或课例,读者可以知道,一线教师该如何走近孩子的心灵,怎样才能感受教育工作的美好,怎样才能享受教育工作的快乐。
517 1  @a飞刀老师的“太极拳”@Afei dao lao shi de “tai ji quan ”
606 0  @a小学教育@x教学研究
690    @aG622.0@v5
701  0 @a李柳红@Ali liu hong@4著
801  0 @aCN@bBJSZM@c20201103
905    @b1257046-50@dG622.0@e1059@f5
    
    “草根老师的教学艺术”之飞刀老师的“太极拳”/李柳红著.-广州:世界图书出版广东有限公司,2019.04
    158页:图;21cm
    新教师入门导航手册小学班主任参考指南小学语文教师参考指南
    
    ISBN 978-7-5192-0758-8:CNY38.00
    本书是一个从教16年的小学高级教师,一个追求以“科学的教育理念、智慧的教育方式”进行班级管理和学科教学的一线教师,一个充满学习热情、热爱多彩生活、享受工作快乐的女子,对教育理念的阐述,对教育经历的纪录,对教育追求的叙说。通过一个又一个真实的故事或课例,读者可以知道,一线教师该如何走近孩子的心灵,怎样才能感受教育工作的美好,怎样才能享受教育工作的快乐。
●
相关链接 在E读中查询图书 在五车中查询图书 在当当中查询图书 在豆瓣中查询图书


正题名:"草根老师的教学艺术"之飞刀老师的"太极拳"     索取号:G622.0/1059         预约/预借

序号 登录号 条形码 馆藏地/架位号 状态 备注
1 1257046   212570467   第一样本阅览室/ [索取号:G622.0/1059] 在馆    
2 1257047   212570476   教育系资料室/ [索取号:G622.0/1059] 在馆    
3 1257048   212570485   教育系资料室/ [索取号:G622.0/1059] 在馆    
4 1257049   212570494   第四借阅区/ [索取号:G622.0/1059] 在馆    
5 1257050   212570500   第四借阅区/ [索取号:G622.0/1059] 在馆    
唐山师范学院图书馆 欢迎您!
大连网信软件有限公司© 版权所有